Byrokracie

Salvato in:
Dettagli Bibliografici
Autore principale: Mises, Ludwig von
Altri autori: Urbanová, Tereza
Natura: Libro
Lingua:ceco
Pubblicazione: Praha Liberální institut 2002
Soggetti:
Tags: Aggiungi Tag
Nessun Tag, puoi essere il primo ad aggiungerne!!

MARC

LEADER 00000nam$a2200000$$$4500
001 0020843
005 20221129100812.7
020 |a 80-86389-22-7 
041 0 |a cze 
044 |a CZ 
245 1 0 |a Byrokracie  |c Ludwig von Mises ; český překlad: Tereza Urbanová ... [et al.] 
264 1 |a Praha  |b Liberální institut  |c 2002 
300 |a 205 s. 
610 2 0 |a byrokracia 
610 2 0 |a totalitarizmus 
610 2 0 |a manažment 
610 2 0 |a hospodárstvo trhové 
610 2 0 |a podnik štátny 
610 2 0 |a podnik súkromný 
610 2 0 |a psychológia 
100 1 |a Mises, Ludwig von 
700 1 |a Urbanová, Tereza